000 00784nmc a2200289 a 4500
003 AR-BaBNM
005 20251128202837.0
008 156019s1953 ||||||||||||||000 | spa||
040 _cAR-BaBNM
100 0 _aAlmafuerte
_d1854-1917
245 1 0 _aPoesías completas
_n1
260 _aBuenos Aires
_bJackson
_c1953
300 1 _axxi, 234 p.
490 0 _aGrandes Escritores Argentinos
_vv. 42
500 0 _aContiene biografía del autor
500 0 _aAlmafuerte seudónimo de Pedro B. Palacios
650 4 _aLITERATURA ARGENTINA
650 4 _aPOESIA
650 4 _aRELIGION
653 0 _aMODERNISMO
653 0 _aPOESIA LIRICA
655 _aLITERATURA
700 1 _aTorcelli, Pedro B.
_ecompilador
800 1 _aPalcos, Alberto
_edirector
942 _cBK
998 _cisola
999 _c845
_d845